| 000 | 00370nam a2200121Ia 4500 | ||
|---|---|---|---|
| 008 | 211105s9999 xx 000 0 und d | ||
| 020 | _aVYASA03528 | ||
| 100 | _aSK P Seleena | ||
| 245 | 0 | _aEffect of residential yoga and naturopathy intervention on blood glucose and electrolytes in T2DM patients : A pilot study. | |
| 250 | _a\N | ||
| 260 |
_bSvyasa _c\N |
||
| 300 | _a82p | ||
| 999 |
_c14870 _d14870 |
||